Journal of linguistics

Αποθηκεύτηκε σε:
Λεπτομέρειες βιβλιογραφικής εγγραφής
Συγγραφή απο Οργανισμό/Αρχή: Linguistics Association of Great Britain
Μορφή: Περιοδική έκδοση
Γλώσσα:English
Δημοσίευση: London : Cambridge University press, 1965-
Θέματα:
Ετικέτες: Προσθήκη ετικέτας
Δεν υπάρχουν, Καταχωρήστε ετικέτα πρώτοι!

MARC

LEADER 00000nas a2200000 i 4500
001 1/39496
008 030822c19659999uk r r 0 |eng||
022 |a 0022-2267 
035 |l 10070634 
040 |a GR-MY-UA  |b gre  |e aacr 
041 0 |a eng 
082 0 |a 410   |2 (21) 
245 0 0 |a Journal of linguistics   |h [περιοδικό] /   |c Linguistics Association of Great Britain.  
260 |a London :   |b Cambridge University press,   |c 1965- 
300 |a v. ;  |c 23 εκ. 
310 |a Τετραμηναίο,   |b 1999-  
321 |a Εξαμηνιαίο,   |b 1965-1998 
500 |a Published for the Linguistics Association of Great britain.  
650 0 0 |a Linguistics  |x Periodicals. 
710 2 |a Linguistics Association of Great Britain. 
853 |a INST  |b LESVOS  |c SER  |h 410 
901 |a BIBL1-2003-2 
922 |a 1ΕΛΗ  |b 199501  |d SWETS 
970 |a ΤΖΑΦΕΡΗ  |b ΕΥΑΓΓΕΛΙΑ  |z 2003/08/22